| 000 | 00513nam a2200169 a 4500 | ||
|---|---|---|---|
| 001 | 000023910 | ||
| 005 | 20200930022549.0 | ||
| 008 | 110117s1984 ja a 000 0 spa d | ||
| 040 |
_aDO-SdBNP _bspa _cBNPHU |
||
| 082 |
_ann* _bnn* |
||
| 100 | 1 |
_aShuhachi, Inoue. _949181 |
|
| 245 | 1 | 3 |
_aLa Corea contemporanea y Kim Zong Il / _cShuhachi Inoue ; traducción Susumu Tsuchiya. |
| 260 |
_aTokio : _bYuzankaku, _c1984. |
||
| 300 |
_a305 p. : _bil. ; _c22 cm. |
||
| 700 | 1 |
_aSusumu, Tsuchiya, _etr. _949182 |
|
| 049 | _aBNGR | ||
| 999 |
_c23406 _d23406 |
||